=LDR 00000nam 2200000 4500 =001 INLIS000000000809775 =008 ###################################ind## =035 ##$$a 0010-0825000268 =245 ##$$a Gurun Dan Gunung / $c Colvin =260 ##$$b Gading Inti Prima =020 ##$$a 9791972982 =084 ##$$a 516.2 VIN g =520 ##$$a Geomorfologi dan hidrosfer =082 ##$$a  516.2